| 000 | 00433cam a2200169ua 4500 | ||
|---|---|---|---|
| 020 | _c2.50 | ||
| 041 |
_amal _h |
||
| 082 |
_a894.8124 _bSAN/MU |
||
| 100 | _aSankaraKurup, G. | ||
| 245 |
_aMuthum chippiyum / _cG Sankarakurup. _hTextual Documents |
||
| 260 |
_aKottayam : _bSahitya Parishad Co Operative Society Limited , _c1963. |
||
| 300 | _a165 ; . | ||
| 365 | _a2.50 | ||
| 504 | _a | ||
| 942 | _cBK | ||
| 999 |
_c5935 _d5935 |
||